000 00697nam a2200265Ia 4500
005 20260121114437.0
008 008 260114s9999 xx 000 0 eng d
020 _a9789390466283
037 _aEBOOK
040 _aCRL
040 _beng
040 _cCRL
041 _2eng
041 _aeng
084 _qCRL
100 _aMarr
_9975139
245 0 _aBig Data in Practice: How 45 Successful Companies Used Big Data Analytics to Deliver Extraordinary Results
260 _bWiley
260 _c2020
650 _aAnalytics / Big Data
_9975140
856 _uhttps://ebooks.wileyindia.com/product-details/284215
942 _cEBOOK
999 _c1554184
_d1554184